000 00525nam a22001817a 4500
003 OSt
005 20260302235635.0
008 260203b |||||||| |||| 00| 0 eng d
040 _aDWCl-Main Lib
_cOC
082 _aFil.398.47 T865 2010
245 _aTrue Philippine ghost stories : book 28 /
260 _aQuezon City, Philippines :
_b PSICOM Publishing,
_cc2010.
300 _a96 pages ;
_c22 cm.
650 _aGhost stories.
650 _aHaunted house.
700 _aCruz, Alexie
_eEditor
942 _2ddc
_cBK-FIL
_mFil.
_n0
999 _c8173
_d8173